000 00244nam a22001097a 4500
082 _a021 LOW
100 _aLowell
245 _aThe management of Libraries
260 _aIndia
_bThe Scarecrow
_c1968
300 _axvi,359p
_bill.;23cm
942 _cBK
999 _c19138
_d19138